NLSUI OPAC header image

Commentaries on the payment of gratuity act, 1972 together with central & states' rules (Record no. 8111)

MARC details
000 -LEADER
fixed length control field 00481nam a2200157Ia 4500
008 - FIXED-LENGTH DATA ELEMENTS--GENERAL INFORMATION
fixed length control field 160316s2005 xxu||||| |||| 00| 0 eng d
082 ## - DEWEY DECIMAL CLASSIFICATION NUMBER
Classification number 344.012166
Item number SRI
100 ## - MAIN ENTRY--PERSONAL NAME
Personal name Srivastava K D
245 ## - TITLE STATEMENT
Title Commentaries on the payment of gratuity act, 1972 together with central & states' rules
250 ## - EDITION STATEMENT
Edition statement 5th
260 ## - PUBLICATION, DISTRIBUTION, ETC.
Place of publication, distribution, etc. Lucknow
Name of publisher, distributor, etc. Eastern Book Co.
Date of publication, distribution, etc. 2005
300 ## - PHYSICAL DESCRIPTION
Extent 550p
Other physical details
Dimensions xiii
365 ## - TRADE PRICE
Price amount Rs.545
650 ## - SUBJECT ADDED ENTRY--TOPICAL TERM
Topical term or geographic name entry element 1.Labour Laws - Payment of Gratuity - Commentary<br/>
700 ## - ADDED ENTRY--PERSONAL NAME
Personal name
--
Holdings
Withdrawn status Lost status Damaged status Not for loan Home library Current library Shelving location Date acquired Cost, normal purchase price Total Checkouts Full call number Barcode Date last seen Date last checked out Price effective from Koha item type
        NLS NLS   30/05/2017 545.00 1 344.012166 SRI 20350 20/08/2024 16/08/2024 30/05/2017 BOOKs